<?xml version="1.0" encoding="UTF-8"?>
<collection xmlns="http://www.loc.gov/MARC21/slim">
  <record>
    <leader>00000nam  2200000   4500</leader>
    <controlfield tag="001">000273</controlfield>
    <controlfield tag="005">20250710124128</controlfield>
    <datafield tag="035" ind1="#" ind2="#">
      <subfield code="a">0010-0725000110</subfield>
    </datafield>
    <datafield tag="245" ind1="1" ind2="#">
      <subfield code="a">Kau Sedang Apa Lala? /</subfield>
      <subfield code="c">Widya Ross</subfield>
    </datafield>
    <datafield tag="100" ind1=" " ind2="#">
      <subfield code="a">Ross, Widya</subfield>
    </datafield>
    <datafield tag="250" ind1="#" ind2="#">
      <subfield code="a">cetakan ketiga</subfield>
    </datafield>
    <datafield tag="300" ind1="#" ind2="#">
      <subfield code="a">24 hlm. :</subfield>
      <subfield code="b">ilus. ;</subfield>
      <subfield code="c">29,7 cm</subfield>
      <subfield code="e">398.245</subfield>
    </datafield>
    <datafield tag="856" ind1="#" ind2="#">
      <subfield code="a">TBM As Suhada</subfield>
    </datafield>
    <datafield tag="260" ind1="#" ind2="#">
      <subfield code="a">Jakarta Timur :</subfield>
      <subfield code="b">Badan Pengembangan dan Pembinaan Bahasa,</subfield>
      <subfield code="c">2021</subfield>
    </datafield>
    <datafield tag="082" ind1="#" ind2="#">
      <subfield code="a">398.245</subfield>
    </datafield>
    <datafield tag="084" ind1="#" ind2="#">
      <subfield code="a">398.245 ROS k</subfield>
    </datafield>
    <datafield tag="020" ind1="#" ind2="#">
      <subfield code="a">978-623-307-203-8</subfield>
    </datafield>
    <datafield tag="650" ind1="#" ind2="4">
      <subfield code="a">Cerita Anak - Fabel</subfield>
    </datafield>
    <datafield tag="650" ind1="#" ind2="4">
      <subfield code="a">Literasi - Bahan Bacaan</subfield>
    </datafield>
    <controlfield tag="008">250710################a##########0#ind##</controlfield>
    <datafield tag="990" ind1="#" ind2="#">
      <subfield code="a">TBM202500082</subfield>
    </datafield>
  </record>
</collection>
